| 000 | 00461nam a2200169Ia 4500 | ||
|---|---|---|---|
| 005 | 20240926074414.0 | ||
| 008 | 240331s9999 xx 000 0 und d | ||
| 020 | _a0801865247 | ||
| 082 |
_bWHI _a801.95 |
||
| 100 | _aWhite, H | ||
| 245 | 0 |
_aFigural realism : _bstudies in the minisis effect |
|
| 260 |
_aMaryland _bThe Johns Hopkins University Press _c2000 |
||
| 300 | _axii, 205 p ., | ||
| 650 | _aHistoriography | ||
| 650 | _aLiterary criticism | ||
| 942 | _cL | ||
| 999 |
_c4429 _d4429 |
||